| 000 | 00885cam a2200229Ia 4500 | ||
|---|---|---|---|
| 001 | 84869 | ||
| 003 | BD-RjUL | ||
| 005 | 20250428150631.0 | ||
| 008 | 210913s1955 ua 000 0 ara d | ||
| 035 | _aBD-RjUL) 84869 | ||
| 040 |
_aHLS _beng _cHLS _dCUY _dOCLCG _dLOA _dNYP _dOCLCA _dOCLCQ _dOCLCF _dUkOxU |
||
| 041 | _aara | ||
| 082 |
_223 _a892.71 _bMUT 1955 |
||
| 100 | 1 |
_aمتنبي ،ابو الطيب احمد بن الحسين ;; Mutanabbī, Abū al-Ṭayyib Aḥmad ibn al-Ḥusayn, _d915 or 916-965. _9247690 |
|
| 245 | 1 | 0 |
_aديوان المتنبي ;; Dīwān al-Mutanabbī / _cأبو الطيب المتنبي;;abu altayib almutanabiy |
| 260 |
_aبيروت : . _bدار صادر : دار بيروت، _c1955 |
||
| 300 |
_a212 pages ; _c24 cm |
||
| 650 | 0 |
_aArabic poetry _y750-1258. _9247691 |
|
| 650 | 7 |
_aArabic poetry. _2fast _9247692 |
|
| 942 |
_2ddc _cBK |
||
| 999 |
_c84869 _d84869 |
||